Culture Générale - Série 2612 - Statistiques

Statistiques générales
  • Ce quiz a été pris 98 fois
  • Le résultat moyen est 4 sur 10
Statistiques - réponses
Question Réponse % Correct
Outil de jardinage qui employé dans le langage familier dans une expression signifie "échouer dans une tentative de séduction" râteau
90%
Quelle boisson est appelée "earl grey" ? thé
88%
Lettre peinte ou miniature ornant d'anciens manuscrits, des livres religieux enluminure
42%
Quelle était la nationalité du poète et écrivain Pablo Neruda (1904-1973) ? chilienne
41%
Quelle était la nationalité de l'écrivain Gabriel García Márquez (1927-2024) colombienne
39%
Qui a interprété Ben Hur en 1959 dans le film du même nom ? prénom et nom Charlton Heston
30%
De quel état des Etats-Unis Montgomery est-elle la capitale ? Alabama
29%
Quel animal est appelé "airedale" ? chien
16%
Quelle actrice (1935-2022) a interprété le rôle d'Hélène dans les films Fantômas dans les années 1960 ? prénom et nom Mylène Demongeot
16%
Célèbre émission de Radio Luxembourg (1949 à 1963) avec Jane Sourza et Raymond Souplex qui interprètent un couple de clochards - 3 mots sur le banc
8%
Aucun quiz correspondant
Distribution des résultats
% des personnes avec chaque résultat
Percentile par nombre de réponses
Votre historique - résultats
Vous n’avez pas pris ce quiz